000 00293nam a2200121 i 4500
001 bg
245 0 _aWstępne założenia techniczne na system hybrydowy WAT-1125.
260 _aWarszawa,
_c1973.
040 _cBPK
041 _apol
942 _cKS
008 s pl f |000 0 pol
999 _c27131
_d27131
856 _uhttp://koha.tu.koszalin.pl/cgi-bin/koha/opac-detail.pl?biblionumber=27131
_yKatalog online BPK